000 00916nam a2200205 i 4500
001 154129
003 ES-MaACL
005 20250719062538.0
008 050711s1876 it |||| | ita d
100 1 _aDe Foresta, Adolfo.
_951730
245 1 3 _aLa deportazione /
_cper il conte Adolfo de Foresta.
260 _aRoma :
_b[s.n.],
_c1876 (
_fStabilimento tipografico Civelli)
300 _a220 p. ;
_c22 cm.
650 4 _aDeportación.
_9135876
852 _aES-MaACL
_jD-273(15)
_cSVI
_hDonación. Francisco Lastres y Juiz
_xEncuadernado con otras obras formando un volumen facticio.
_9159767
_bR.FOLL.12/15
_dOlim: 193-C-3
_fSello en tinta en el verso de la hoja de guarda anterior: "Donativo del Sr. Lastres al Ateneo de Madrid 1907"
903 _aLastres y Juiz, Francisco,
_d1848-1918
_q1
_ednr
_970504
942 _2udc
_cMONOGRAFIA
999 _c154129
_d154129